Phương trình vi phân đại số tuyến tính với hệ số hằng

Lý thuyết nền tảng về ma trận. Phương trình vi phân đại số tuyến tính với hệ số hằng

Uloženo v:
Podrobná bibliografie
Hlavní autor: Phạm Thị Hằng
Další autoři: Phan Anh Tuấn (Hướng dẫn)
Médium: Kniha
Jazyk:Vietnamese
Vydáno: Đà Nẵng Đại học Sư phạm, Đại học Đà Nẵng 2013
Témata:
Tagy: Přidat tag
Žádné tagy, Buďte první, kdo otaguje tento záznam!
Thư viện lưu trữ: Mạng thư viện Đại học Đà Nẵng
LEADER 01713nam a2200397 4500
001 000018668
003 15103
005 20131219151224.0
008 131206s2013 viesd
041 |a vie 
082 1 4 |a 515.354  |b PH-H 
100 1 |a Phạm Thị Hằng 
245 1 0 |a Phương trình vi phân đại số tuyến tính với hệ số hằng  |c Phạm Thị Hằng ; Phan Anh Tuấn hướng dẫn  |k Khóa luận tốt nghiệp 
260 |a Đà Nẵng  |b Đại học Sư phạm, Đại học Đà Nẵng  |c 2013 
300 |a 39 tr.  |c 29 cm.  |e Bản tóm tắt 
500 |a Khóa luận tốt nghiệp đại học. Chuyên ngành: Cử nhân Toán Tin 
504 |a Mục lục đầu trang, tài liệu tham khảo tr. 73 - 74, phụ lục [13 tr.] 
520 |a Lý thuyết nền tảng về ma trận. Phương trình vi phân đại số tuyến tính với hệ số hằng 
600 1 4 |b Vua  |c Đinh Tiên Hoàng 
650 0 4 |a Phương trình vi phân  |v Khóa luận tốt nghiệp  |x Hệ số hằng 
653 |a Khoa Toán 
653 |a Phương trình vi phân 
653 |a Hệ số hằng 
653 |a Ma trận 
653 |a Đại số tuyến tính 
700 1 |a Phan Anh Tuấn  |e Hướng dẫn 
OWN |a LSP 
AVA |a UDN50  |b LSP  |d 515.354 PH-H  |e available  |t Error 5001 Not defined in file expand_doc_bib_avail.  |f 1  |g 0  |h N  |i 0  |k 1 
999 |a From the UDN01 
AVA |a UDN50  |b LSP  |d 515.354 PH-H  |e available  |t Error 5001 Not defined in file expand_doc_bib_avail.  |f 1  |g 0  |h N  |i 0  |k 1 
TYP |a Monograph 
TYP |a Printed language 
980 |a Mạng thư viện Đại học Đà Nẵng